000 00690nam a22001697a 4500
999 _c10184
_d10184
008 180804b ||||| |||| 00| 0 eng d
082 _22018
_aUT 1026
_bB48
100 _930052
_aBepinoso, Hannah N.
245 _aPost- harvest handling process of lakatan and saleability of banana consolidators in davao del sur/
_cHannah N. Bepinoso, Herald L. Bacalso and Arestio C. Crespo.
260 _aDigos City:
_bUMDC
_cApril 2018.
300 _a89 pages;
_b30 cm.
650 0 _930054
_aBusiness Administration.
_vMarketing Management.
_xUndergraduate thesis.
700 _930055
_aBepinoso, Hannah N.
700 _930057
_aBacalso, Herald L.
700 _930058
_aCrespo, Arestio C.
942 _2ddc
_cUT